| 000 | 00825nam a2200229 a 4500 | ||
|---|---|---|---|
| 999 |
_c12015 _d12015 |
||
| 001 | 12015 | ||
| 003 | BD-JhCC | ||
| 005 | 20210304100814.0 | ||
| 008 | 210304b19962017bg a|||| ||a| 000 0 mul d | ||
| 020 | _a9789848933725 | ||
| 035 | _a(BD-JhCC)12015 | ||
| 040 |
_aBD-JhCC _dBD-JhCC |
||
| 041 | _amul | ||
| 082 |
_a621.3916 _bHOQ 2017 |
||
| 100 | _aহক, মোঃ মমিনুল | ||
| 245 |
_aকম্পিউটার হার্ডওয়্যার মেইনট্যানেন্স ও ট্রাবলসুটিং / _c মোঃ মমিনুল হক |
||
| 260 |
_aঢাকা : _bজ্ঞানকোষ প্রকাশনী; _c২০১৭. |
||
| 300 |
_a518 p. : _bill; _c24 cm. |
||
| 650 | _aMicrocomputers--Maintenance and repair | ||
| 942 |
_2ddc _cBK |
||